000 02625cam a22002054a 4500
005 20250605163458.0
008 250528s ||||||||||||||||||||||||d
035 _a20161
020 _a9607643143
040 _aGR-AtMCL
_bgre
_dGR-AtMCL
_eAACR2
245 1 _aΟι Κοινωνικές Επιστήμες / Μία Εισαγωγή
250 _a
260 _bΤυπωθήτω,
_c1998
300 _a240
520 _aΤο βιβλίο αυτό είναι μια εισαγωγή στις σημαντικότερες κοινωνικές επιστήμες, έξι αναλυτικές-εμπειρικές (Οικονομική, Κοινωνιολογία, Πολιτική Επιστήμη, Κοινωνική Ψυχολογία, Κοινωνική Ανθρωπολογία, Κοινωνιοβιολογία) και τρείς κανονικές-δεοντολογικές (Νομική, Ηθική, Οικονομική της Ευημερίας). Εισαγωγή, Μεθοδολογικά Θεμέλια, Επιστήμη και οι Σκοποί της, Επιστήμες Αναλυτικού Τύπου, Δεοντολογικές ή Κανονικές Επιστήμες, Ανθρωπιστικές Επιστήμες, Εμφάνιση και Ανάπτυξη των Κοινωνικών Επιστημών, Αρχαιότητα, Μεσαιωνική Κοινωνική Σκέψη, Νεότεροι Χρόνοι: Η Εμφάνιση των Εμπειρικών Κοινωνικών Επιστημών, Εμφάνιση και Εξέλιξη της Ιστορικής Επιστήμης, Οι Εμπειρικές Κοινωνικές Επιστήμες, Προβλήματα και Βασικές Έννοιες της Οικονομικής, Προβλήματα και Βασικές Έννοιες της Κοινωνιολογίας, Προβλήματα και Βασικές Έννοιες της Κοινωνικής Ψυχολογίας, Προβλήματα και Βασικές Έννοιες της Κοινωνικής Ανθρωπολογίας, Προβλήματα και Βασικές Έννοιες της Πολιτικής Επιστήμης, Προβλήματα και Βασικές Έννοιες της Κοινωνιοβιολογίας, Οι Δεοντολογικές ή Κανονικές Κοινωνικές Επιστήμες, Νομική, Ηθική, Οικονομική της Ευημερίας, Βιβλιογραφία, Ευρετήριο Όρων και Ονομάτων.
700 1 _aΓέμτος Πέτρος
942 _cBK
999 _c5300
_d5300